Théorie systématique des droits acquis, conciliation du droit positif et de la philosophie du droit / (Record no. 89585)

MARC details
000 -LEADER
campo de control de longitud fija 00703nam a2200181 i 4500
001 - NÚMERO DE CONTROL
campo de control 89585
003 - IDENTIFICADOR DE NÚMERO DE CONTROL
campo de control ES-MaACL
005 - FECHA Y HORA DE LA ÚLTIMA TRANSACCIÓN
campo de control 20230906180227.0
007 - CAMPO FIJO DE DESCRIPCIÓN FÍSICA--INFORMACIÓN GENERAL
campo de control de longitud fija t|
008 - DATOS DE LONGITUD FIJA--INFORMACIÓN GENERAL
campo de control de longitud fija 050111s1904 fr ||||1| fre d
100 1# - ENTRADA PRINCIPAL--NOMBRE DE PERSONA
Nombre de persona Lassalle, Ferdinand.
9 (RLIN) 128724
245 10 - MENCIÓN DEL TÍTULO
Título Théorie systématique des droits acquis, conciliation du droit positif et de la philosophie du droit /
Mención de responsabilidad, etc. par Ferdinand Lasalle ; traduction... par J. Bernard ... [et al.] ; revue et accompagnée d'une préface par Charles Andler.
260 ## - PUBLICACIÓN, DISTRIBUCIÓN, ETC.
Lugar de publicación, distribución, etc. París :
Nombre del editor, distribuidor, etc. [s.n.,
Fecha de publicación, distribución, etc. 1904] (
Lugar de fabricación/manufactura Saint Amand :
Fabricante Imp. Bussiere)
300 ## - DESCRIPCIÓN FÍSICA
Extensión 2 v. ;
Dimensiones 23 cm.
700 1# - ENTRADA AGREGADA--NOMBRE PERSONAL
Nombre de persona Bernard, J.
9 (RLIN) 28240
700 1# - ENTRADA AGREGADA--NOMBRE PERSONAL
Nombre de persona Andler, Charles.
9 (RLIN) 21494
852 ## - LOCALIZACIÓN
Ubicación ES-MaACL
Número de control de estantería F-14137-38
Holdings
Estatus retirado Estado de pérdida Estado de daño No para préstamo Biblioteca de origen Biblioteca actual Ubicación en estantería Fecha de adquisición Fuente de adquisición Total de préstamos Signatura topográfica completa Código de barras Visto por última vez Precio de reemplazo Tipo de ítem Koha
        Biblioteca del Ateneo de Madrid Biblioteca del Ateneo de Madrid Sala Pecera Planta 2 17/01/2008     F-14137-38 1093560 23/02/2023 23/02/2023 Libro impreso